Education guide of Pakistan (Record no. 7338)
[ view plain ]
| 000 -LEADER | |
|---|---|
| fixed length control field | 00455 a2200157 4500 |
| 020 ## - INTERNATIONAL STANDARD BOOK NUMBER | |
| International Standard Book Number | 8296123 |
| 040 ## - CATALOGING SOURCE | |
| Original cataloging agency | DLC |
| 082 ## - DEWEY DECIMAL CLASSIFICATION NUMBER | |
| Classification number | 370.95491 |
| 245 ## - TITLE STATEMENT | |
| Title | Education guide of Pakistan |
| Statement of responsibility, etc. | Compiled and edited by Ibrahim Imran. |
| 250 ## - EDITION STATEMENT | |
| Edition statement | Millennium ed. |
| 260 ## - PUBLICATION, DISTRIBUTION, ETC. | |
| Place of publication, distribution, etc. | Lahore : |
| Name of publisher, distributor, etc. | Ibrahim Publication, |
| Date of publication, distribution, etc. | 2000-2001. |
| 300 ## - PHYSICAL DESCRIPTION | |
| Extent | 577 p. : |
| Other physical details | ill. ; |
| Dimensions | 27 cm. |
| 650 ## - SUBJECT ADDED ENTRY--TOPICAL TERM | |
| Topical term or geographic name entry element | Community colleges--Curricula. |
| 700 ## - ADDED ENTRY--PERSONAL NAME | |
| Personal name | Ibrahim Imran. |
| 942 ## - ADDED ENTRY ELEMENTS (KOHA) | |
| Koha item type | Book |
| Call number prefix | 370.95491 IBR |
| Source of classification or shelving scheme | |
| Withdrawn status | Lost status | Damaged status | Not for loan | Collection code | Permanent Location | Current Location | Shelving location | Date acquired | Source of acquisition | Cost, normal purchase price | Full call number | Barcode | Date last seen | Price effective from | Koha item type |
|---|---|---|---|---|---|---|---|---|---|---|---|---|---|---|---|
| Central Library (CL) | Central Library (CL) | General Stacks | 02/18/2002 | Pak Book Corporation | 600.00 | 370.95491 IBR | SEECS001843 | 11/14/2012 | 01/05/2017 | Reference |
